| 000 | 01217cam a22002655a 4500 | ||
|---|---|---|---|
| 001 | 18243946 | ||
| 005 | 20161207144213.0 | ||
| 008 | 140728t2015 paua frb 001 0 eng d | ||
| 020 | _a9781611973600 | ||
| 040 |
_aDLC _beng _cDLC _dDLC _dEG-ScBUE |
||
| 082 | 0 | 4 |
_a620.10640151825 _bKUZ _222 |
| 100 | 1 |
_aKuzmin, Dmitri. _939803 |
|
| 245 | 1 | 0 |
_aFinite element methods for computational fluid dynamics : _ba practical guide / _cDmitri Kuzmin, Jari Hämäläinen. |
| 260 |
_aPhiladelphia : _bSociety for Industrial and Applied Mathematics, _cc.2015. |
||
| 300 |
_aviii, 313 p. : _bill. ; _c25 cm. |
||
| 490 | 0 | _aComputational science and engineering series | |
| 500 | _a"This SIAM edition is partly based on the Finnish-language book, Elementtimenetelmä virtauslaskennassa (in English: The finite element method in computational fluid dynamics) by J. Hämäläinen and J. Järvinen, CSC Press, 1994." | ||
| 500 | _aIndex : p. 311-313. | ||
| 504 | _aBibliography : p. 295-309. | ||
| 650 | 7 |
_aFluid dynamics _xMathematics. _2BUEsh _911456 |
|
| 650 | 7 |
_918475 _aFinite element method _xData processing. _2BUEsh |
|
| 653 |
_bENGGEN _cApril2016 _cDecember2016 |
||
| 700 | 1 |
_aHämäläinen, Jari, _d1965- _939805 |
|
| 942 | _2ddc | ||
| 999 |
_c21610 _d21582 |
||